Bright book of life : (Record no. 18220)
[ view plain ]
| 000 -LEADER | |
|---|---|
| fixed length control field | 00802nam a2200253 a 4500 |
| 001 - CONTROL NUMBER | |
| control field | 18220 |
| 003 - CONTROL NUMBER IDENTIFIER | |
| rucl marc code | BD-RjUL |
| 005 - DATE AND TIME OF LATEST TRANSACTION | |
| control field | 20211209000244.0 |
| 008 - FIXED-LENGTH DATA ELEMENTS--GENERAL INFORMATION | |
| fixed length control field | 140220s1973 ii 001 1 eng d |
| 035 ## - SYSTEM CONTROL NUMBER | |
| System control number | (BD-RjUL)18278 |
| 040 ## - CATALOGING SOURCE | |
| Original cataloging agency | CAN |
| Language of cataloging | eng |
| Transcribing agency | CAN |
| Modifying agency | CAN |
| -- | BD-RjUL |
| 041 ## - LANGUAGE CODE | |
| Language code of text/sound track or separate title | eng |
| 082 04 - DEWEY DECIMAL CLASSIFICATION NUMBER | |
| Classification number | 813.5209 |
| Author mark and year | KAB 1973 |
| 100 1# - MAIN ENTRY--PERSONAL NAME | |
| Personal name | Kazin, Alfred, |
| Dates associated with a name | 1915- |
| 9 (RLIN) | 56088 |
| 245 10 - TITLE STATEMENT | |
| Title | Bright book of life : |
| Remainder of title | American novelists and storytellers from Hemingway to Mailer / |
| Statement of responsibility, etc. | by Alfred Kazin. |
| 260 ## - PUBLICATION, DISTRIBUTION, ETC. (IMPRINT) | |
| Place of publication, distribution, etc. | Bombay ; |
| -- | New Delhi : |
| Name of publisher, distributor, etc. | Allied Publishers, |
| Date of publication, distribution, etc. | c1973. |
| 300 ## - PHYSICAL DESCRIPTION | |
| Pagination | 334 p. ; |
| Size | 21 cm. |
| 490 0# - SERIES STATEMENT | |
| Series statement | An Atlantic Monthly Press book |
| 504 ## - BIBLIOGRAPHY, ETC. NOTE | |
| Bibliography, etc | Includes index. |
| 650 #0 - SUBJECT ADDED ENTRY--TOPICAL TERM | |
| Topical term or geographic name as entry element | American fiction |
| Chronological subdivision | 20th century |
| General subdivision | History and criticism. |
| 9 (RLIN) | 52286 |
| 942 ## - ADDED ENTRY ELEMENTS (KOHA) | |
| Source of classification or shelving scheme | Dewey Decimal Classification |
| Koha item type | Books |
| Lost status | Source of classification or shelving scheme | Damaged status | Not for loan | Collection code | Permanent Location | Current Location | Shelving location | Date acquired | Source of acquisition | Total Checkouts | Full call number | Date last seen | Copy number | Koha item type |
|---|---|---|---|---|---|---|---|---|---|---|---|---|---|---|
| Dewey Decimal Classification | Fiction | Central Library, University of Rajshahi | Central Library, University of Rajshahi | 09/07/1976 | USIS, Dacca. | 813.5209 KAB 1973 | 20/02/2014 | C-3 | Books | |||||
| Dewey Decimal Classification | Fiction | Central Library, University of Rajshahi | Central Library, University of Rajshahi | 09/07/1976 | U. S. I. S.Dacca | 813.5209 KAB 1973 | 22/02/2014 | C-4 | Books | |||||
| Dewey Decimal Classification | Not For Loan | Non-fiction | Central Library, University of Rajshahi | Central Library, University of Rajshahi | Reading Room | 14/08/1975 | U. S. I. S. | 813.5209 KAB 1973 | 22/01/2020 | C-1 | Books | |||
| Dewey Decimal Classification | Non-fiction | Central Library, University of Rajshahi | Central Library, University of Rajshahi | 14/08/1975 | U. S. I. S. | 813.5209 KAB 1973 | 12/02/2020 | C-2 | Books |